LEADER 01451oam 2200469zu 450 001 9910146154303321 005 20210806235959.0 010 $a88-87298-20-3 035 $a(CKB)1000000000280190 035 $a(SSID)ssj0000595649 035 $a(PQKBManifestationID)11387513 035 $a(PQKBTitleCode)TC0000595649 035 $a(PQKBWorkID)10556477 035 $a(PQKB)10035730 035 $a(WaSeSS)Ind00000323 035 $a(EXLCZ)991000000000280190 100 $a20160829d2000 uy 101 0 $aita 135 $aur||||||||||| 181 $ctxt 182 $cc 183 $acr 200 00$aAdveniat regnum la regalità sacra dell'Europa cristiana 210 31$a[Place of publication not identified]$cName$d2000 215 $a1 online resource (209 p.) 300 $aBibliographic Level Mode of Issuance: Monograph 320 $aIncludes bibliographical references and index. 606 $aRelated Historical Sciences$2HILCC 606 $aHistory & Archaeology$2HILCC 606 $aHeraldry$2HILCC 615 7$aRelated Historical Sciences 615 7$aHistory & Archaeology 615 7$aHeraldry 676 $a394/.4 702 $aSaltarelli$b Maria 702 $aCardini$b Franco 712 02$aFondazione Cardinale Giacomo Lercaro. 801 0$bPQKB 906 $aBOOK 912 $a9910146154303321 996 $aAdveniat regnum la regalità sacra dell'Europa cristiana$92434811 997 $aUNINA LEADER 01012nam0 22002531i 450 001 UON00010603 005 20231205101931.872 100 $a20020107f |0itac50 ba 101 $aeng 102 $aPK 105 $a|||| 1|||| 200 1 $aˆA ‰History of early Islam$fMazhar Ul Haq 210 $aPeshawar$cUniv. Book Agency$d19.. 547 p. ; 21 cm 606 $aIslam$xOrigini$3UONC020494$2FI 620 $aPK$dPeshawar$3UONL000163 686 $aARA IV A$cPAESI ARABI - STORIA - FONTI E TESTI CLASSICI$2A 700 1$aˆal-‰HAQ$bMazhar$3UONV008257$0639400 712 $aUniversity Book Agency$3UONV247110$4650 801 $aIT$bSOL$c20251226$gRICA 899 $aSIBA - SISTEMA BIBLIOTECARIO DI ATENEO E ARCHIVIO STORICO$2UONSI 912 $aUON00010603 950 $aSIBA - SISTEMA BIBLIOTECARIO DI ATENEO E ARCHIVIO STORICO$dSI ARA IV A 105 N $eSI SA 75479 5 105 N 996 $aHistory of early Islam$91178602 997 $aUNIOR